01680nam a2200373Ia 4500001001200000003000800012006001900020007001500039008004100054010001700095020002800112020001800140020001800158040002100176035002100197050002500218082002500243245019800268260005100466300002200517490005800539500008400597504004100681533015200722650005500874650003900929651005900968655002901027700002901056700002001085710001701105830005801122856012601180ebr10216927CaPaEBRm u cr cn|||||||||880802s1989 ilua sb 101 0 eng d z 88020866  z0226733351 (alk. paper) z9780226733210 z9780226733357 aCaPaEBRcCaPaEBR a(OCoLC)56794981514aHJ8899b.D483 1989eb04a336.3/435/09172421900aDeveloping country debt and economic performance.nVolume 3,pCountry studies -- Indonesia, Korea, Philippines, Turkeyh[electronic resource] /cedited by Jeffrey D. Sachs and Susan M. Collins. aChicago :bUniversity of Chicago Press,c1989. ax, 821 p. :bill.1 aA National Bureau of Economic Research project report aPapers presented at a conference held in Washington, D.C. on Sept. 21-23, 1987. aIncludes bibliographies and indexes. aElectronic reproduction.bPalo Alto, Calif. :cebrary,d2013.nAvailable via World Wide Web.nAccess may be limited to ebrary affiliated libraries. 0aDebts, ExternalzDeveloping countriesvCongresses. 0aInternational financevCongresses. 0aDeveloping countriesxEconomic conditionsvCongresses. 7aElectronic books.2local1 aCollins, Susan Margaret.1 aSachs, Jeffrey.2 aebrary, Inc. 0aProject report (National Bureau of Economic Research)40uhttp://site.ebrary.com/lib/rucke/Doc?id=10216927zAn electronic book accessible through the World Wide Web; click to view